000 00268nam a2200109Ia 4500
008 230907s9999||||xx |||||||||||||| ||und||
082 _a306.2
_bCUL
245 0 _aCulture and politics :
260 _aBerghahn Books,
_bNew York :
_c2004
300 _a141 p.
942 _cBK
999 _c600685
_d600685